Tục ngữ ca dao Hưng Yên
Tìm hiểu về mảnh đất và truyền thống văn học Hưng Yên. Những điểm nổi bật về giá trị, công việc sưu tầm và nội dung phản ánh của tục ngữ, ca dao. Tục ngữ, ca dao sưu tầm trên đất Hưng Yên và chú giải
Bewaard in:
| Hoofdauteur: | |
|---|---|
| Andere auteurs: | |
| Formaat: | Boek |
| Taal: | Vietnamese |
| Gepubliceerd in: |
H.
Dân trí
2010
|
| Onderwerpen: | |
| Tags: |
Voeg label toe
Geen labels, Wees de eerste die dit record labelt!
|
| Thư viện lưu trữ: | Mạng thư viện Đại học Đà Nẵng |
|---|
| LEADER | 01589aam a22004098a 4500 | ||
|---|---|---|---|
| 001 | 000007003 | ||
| 003 | 3164 | ||
| 005 | 20120515140513.0 | ||
| 008 | 110926s2010 viesd | ||
| 020 | |d 2000b | ||
| 041 | 0 | |a vie | |
| 082 | 1 | 4 | |2 14 |a 398.20959733 |b VU-T |
| 100 | 1 | |a Vũ Tiến Kỳ | |
| 245 | 1 | 0 | |a Tục ngữ ca dao Hưng Yên |c Vũ Tiến Kỳ (ch.b.), Nguyễn Đức Can |
| 260 | |a H. |b Dân trí |c 2010 | ||
| 300 | |a 291tr. |c 21cm | ||
| 500 | |a ĐTTS ghi: Hội Văn nghệ dân gian Việt Nam | ||
| 504 | |a Thư mục: tr. 286-289 | ||
| 520 | |a Tìm hiểu về mảnh đất và truyền thống văn học Hưng Yên. Những điểm nổi bật về giá trị, công việc sưu tầm và nội dung phản ánh của tục ngữ, ca dao. Tục ngữ, ca dao sưu tầm trên đất Hưng Yên và chú giải | ||
| 650 | 7 | |2 Bộ TK TVQG |a Nghiên cứu văn học | |
| 650 | 7 | |2 Bộ TK TVQG |a Ca dao | |
| 650 | 7 | |2 Bộ TK TVQG |a Tục ngữ | |
| 651 | 7 | |2 Bộ TK TVQG |a Hưng Yên | |
| 653 | |a Tục ngữ | ||
| 653 | |a Ca dao | ||
| 653 | |a Hưng Yên | ||
| 700 | 1 | |a Nguyễn Đức Can | |
| OWN | |a LSP | ||
| AVA | |a UDN50 |b LSP |d 398.20959733 VU-T |e available |t Error 5001 Not defined in file expand_doc_bib_avail. |f 2 |g 0 |h N |i 0 |k 1 | ||
| 999 | |a From the UDN01 | ||
| AVA | |a UDN50 |b LSP |d 398.20959733 VU-T |e available |t Error 5001 Not defined in file expand_doc_bib_avail. |f 2 |g 0 |h N |i 0 |k 1 | ||
| TYP | |a Monograph | ||
| TYP | |a Printed language | ||
| 980 | |a Mạng thư viện Đại học Đà Nẵng | ||